Art, community and environment (Record no. 35841)
[ view plain ]
| 000 -LEADER | |
|---|---|
| fixed length control field | 01436nam a2200361Ia 4500 |
| 245 00 - TITLE STATEMENT | |
| Title | Art, community and environment |
| 260 ## - PUBLICATION, DISTRIBUTION, ETC. (IMPRINT) | |
| Place of publication | Bristol, UK ; |
| -- | Chicago : |
| Name of publisher | Intellect, |
| Year of publication | 2008. |
| 300 ## - PHYSICAL DESCRIPTION | |
| Number of Pages | xiii, 314 p. : |
| Other physical details | ill. (chiefly col.), col. map. |
| 490 1# - SERIES STATEMENT | |
| Series statement | Readings in art and design education series, |
| 650 #0 - SUBJECT ADDED ENTRY--TOPICAL TERM | |
| Topical Term | Community arts projects. |
| Topical Term | Arts |
| Topical Term | Environment (Art) |
| 700 1# - ADDED ENTRY--PERSONAL NAME | |
| Personal name | Coutts, Glen. |
| Personal name | Jokela, Timo. |
| 856 40 - ELECTRONIC LOCATION AND ACCESS | |
| Uniform Resource Identifier | http://site.ebrary.com/lib/rucke/Doc?id=10251424 |
No items available.
